[Event "Collado Villalba op-B 35th"]
[Site "Collado Villalba"]
[Date "2018.08.27"]
[Round "4"]
[White "Pardo Robles, Jose Manuel"]
[Black "Marret, Constantin Pierre"]
[Result "1/2-1/2"]
[WhiteElo "1795"]
[BlackElo "1565"]
[PlyCount "94"]
[EventDate "2018.08.24"]
[EventType "swiss"]
[EventRounds "9"]
[EventCountry "ESP"]
[SourceTitle "CBM 186 Extra"]
[Source "ChessBase"]
[SourceDate "2018.08.24"]
[SourceVersion "1"]
[SourceVersionDate "2018.08.24"]
[SourceQuality "1"]

1. e4 e6 2. d4 d5 3. Nc3 Nf6 4. Bg5 Bb4 5. e5 h6 6. Bd2 Bxc3 7. bxc3 Ne4 8. Bd3 Nxd2 9. Qxd2 c5 10. Nf3 Nc6 11. 0-0 Qa5 12. Rfd1 0-0 13. Bf1 b6 14. Qe3 cxd4 15. cxd4 Ba6 16. a4 Rac8 17. Bxa6 Qxa6 18. Qb3 Rc7 19. Rac1 Rfc8 20. Ne1 Na5 21. Qb4 Qc4 22. Rb1 Qxb4 23. Rxb4 Rc4 24. Rdb1 Rc3 25. Ra1 R8c4 26. Rab1 Nc6 27. Rxc4 Rxc4 28. Ra1 Nxd4 29. Ra2 Nc6 30. Nd3 Nd4 31. Ne1 Ne2+ 32. Kf1 Nc3 33. Ra3 Nxa4 34. Ke2 b5 35. Kd2 a5 36. Nd3 d4 37. f4 Rc3 38. Ra2 g6 39. Nc1 Rc7 40. Kd3 Ra7 41. Nb3 Rd7 42. Nxd4 Nc5+ 43. Ke3 a4 44. Nxb5 Rd1 45. Nc3 Rg1 46. Kf2 Rc1 47. Nxa4 Nxa4 1/2-1/2

[Event "Collado Villalba op-B 35th"]
[Site "Collado Villalba"]
[Date "2018.08.25"]
[Round "2"]
[White "Marret, Constantin Pierre"]
[Black "Enriquez Pastor, Jorge"]
[Result "1/2-1/2"]
[WhiteElo "1565"]
[BlackElo "1430"]
[PlyCount "212"]
[EventDate "2018.08.24"]
[EventType "swiss"]
[EventRounds "9"]
[EventCountry "ESP"]
[SourceTitle "CBM 186 Extra"]
[Source "ChessBase"]
[SourceDate "2018.08.24"]
[SourceVersion "1"]
[SourceVersionDate "2018.08.24"]
[SourceQuality "1"]

1. d4 e6 2. Nf3 d5 3. g3 Nf6 4. Bg2 c5 5. c3 Nc6 6. 0-0 Be7 7. Nbd2 Qb6 8. e3 0-0 9. Qc2 Bd7 10. Re1 Rac8 11. a4 cxd4 12. exd4 Nxd4 13. Nxd4 Qxd4 14. Qxh7+ Kxh7 15. cxd4 Bb4 16. Rd1 Rc2 17. Nb3 Rfc8 18. h3 Ne8 19. Bf1 Kg8 20. Bd3 R2c7 21. Bf4 Bd6 22. Bd2 b6 23. a5 Be7 24. axb6 axb6 25. Kg2 Bc6 26. Bf4 Nd6 27. Rdc1 g5 28. Bd2 Nc4 29. Bc3 Rb8 30. Kh2 b5 31. Bxc4 bxc4 32. Nc5 Rcc8 33. Ra5 Rb5 34. Rca1 Rxa5 35. Rxa5 Rb8 36. Ra6 Bb5 37. Ra5 Bf6 38. f4 gxf4 39. gxf4 Bd8 40. Ra3 Bc7 41. Kg3 Kh7 42. Ra7 Rc8 43. Kf3 Kg6 44. Kg4 Bd6 45. Na4 Rc7 46. Ra5 Bc6 47. Ra6 Be7 48. Ba5 Rc8 49. Nc3 Ra8 50. Rxa8 Bxa8 51. h4 f5+ 52. Kh3 Bf6 53. Ne2 Bc6 54. Bc3 Ba4 55. Ng3 Bd1 56. Nh1 Bg4+ 57. Kg2 Kh5 58. Nf2 Kxh4 59. Be1 Kh5 60. Bc3 Be7 61. b3 cxb3 62. Bb2 Bd6 63. Nd3 Be2 64. Ne5 Bd1 65. Kf2 Kh4 66. Ke3 Kg3 67. Bc1 Bc2 68. Bb2 Bb4 69. Ng6 Bd6 70. Ne5 Kg2 71. Ke2 Be4 72. Bc1 Bf8 73. Ng6 Bh6 74. Ke3 Kg3 75. Ba3 Kg4 76. Bc1 Bg7 77. Bb2 Kh5 78. Ne5 Bh6 79. Bc1 Bf8 80. Bb2 Bb4 81. Nc6 Be1 82. Nd8 Kg4 83. Nxe6 Kg3 84. Ke2 Bf2 85. Bc1 Bc2 86. Bb2 Kg2 87. Ng5 Bg1 88. Ne6 Bh2 89. Bc1 Be4 90. Nc5 Bf3+ 91. Kd3 Be4+ 92. Kc3 Kf3 93. Ne6 Bc2 94. Bd2 Ke2 95. Nc5 Bg3 96. Ne6 Be1 97. Bxe1 Kxe1 98. Nc7 Kd1 99. Kb2 Ke2 100. Nxd5 Kd3 101. Ne7 Ke4 102. d5 Bd3 103. d6 Bb5 104. Kxb3 Kxf4 105. Kb4 Bd7 106. Kc5 Ke5 1/2-1/2

[Event "Madrid San Viator op-A 28th"]
[Site "Madrid"]
[Date "2017.04.23"]
[Round "4"]
[White "Marret, Constantin Pierre"]
[Black "Garcia Sanjuan, Jose"]
[Result "0-1"]
[WhiteElo "1602"]
[BlackElo "1891"]
[PlyCount "104"]
[EventDate "2017.03.26"]
[EventType "swiss"]
[EventRounds "9"]
[EventCountry "ESP"]
[SourceTitle "EXT 2018"]
[Source "ChessBase"]
[SourceDate "2017.10.13"]
[SourceVersion "1"]
[SourceVersionDate "2017.10.13"]
[SourceQuality "1"]

1. Nf3 b6 2. g3 Bb7 3. Bg2 g6 4. c4 Bg7 5. d4 Nc6 6. 0-0 d5 7. cxd5 Qxd5 8. Ne5 Qe6 9. Bxc6+ Bxc6 10. Nxc6 Qxc6 11. d5 Qd7 12. Nc3 Nf6 13. e4 0-0 14. e5 Ne8 15. Qe2 Qf5 16. Re1 h5 17. Qe4 Qxe4 18. Rxe4 f6 19. f4 fxe5 20. fxe5 Rf5 21. Be3 Rxe5 22. Rxe5 Bxe5 23. Re1 Nf6 24. Bg5 Bxc3 25. bxc3 Kf7 26. c4 Rd8 27. a4 a6 28. h3 Rd7 29. Re6 Rd6 30. Re2 Rd7 31. Re6 Ne8 32. Bf4 Nd6 33. c5 bxc5 34. g4 hxg4 35. hxg4 c4 36. Kg2 c6 37. Re5 Rc7 38. dxc6 Rxc6 39. Bg5 Rc7 40. Ra5 Ne4 41. Bf4 Rc6 42. Kf3 Nc5 43. Ke2 c3 44. Kd1 c2+ 45. Ke2 Nb3 46. Rd5 c1Q 47. Bxc1 Nxc1+ 48. Kd2 Nb3+ 49. Kd3 Nc5+ 50. Kc4 Nxa4+ 51. Kb4 Nb6 52. Ka5 Nxd5 0-1

[Event "Coimbra Queima das Fitas op"]
[Site "Coimbra"]
[Date "2016.04.25"]
[Round "6"]
[White "Marret, Constantin Pierre"]
[Black "Couto, Gaspar Sousa"]
[Result "1-0"]
[WhiteElo "1605"]
[BlackElo "1127"]
[PlyCount "91"]
[EventDate "2016.04.22"]
[EventType "swiss"]
[EventRounds "7"]
[EventCountry "POR"]
[SourceTitle "EXT 2018"]
[Source "ChessBase"]
[SourceDate "2017.10.13"]
[SourceVersion "1"]
[SourceVersionDate "2017.10.13"]
[SourceQuality "1"]

1. Nf3 Nf6 2. g3 Nc6 3. d4 d5 4. Bg2 e6 5. Nbd2 Bd6 6. c4 Ne7 7. c5 Bxc5 8. dxc5 b6 9. cxb6 axb6 10. 0-0 c5 11. Qc2 Bd7 12. e4 0-0 13. exd5 exd5 14. Re1 Re8 15. b3 h6 16. Bb2 Nh7 17. Nh4 Be6 18. f4 g6 19. Rxe6 fxe6 20. Nxg6 Nf8 21. Nh4 Ra7 22. Bh3 Nc6 23. a3 Nd4 24. Bxd4 cxd4 25. Qd3 Qf6 26. Ndf3 Rea8 27. b4 Kf7 28. Ne5+ Kg8 29. Nhg6 Nxg6 30. Nxg6 Kf7 31. f5 e5 32. Nxe5+ Qxe5 33. Kf1 Qe4 34. Qb5 Rxa3 35. Qd7+ Qe7 36. Qxd5+ Kf8 37. Re1 Qxb4 38. Qc6 Qc5 39. Qxh6+ Kg8 40. Qg6+ Kf8 41. f6 Qc4+ 42. Kg1 Qc7 43. Qh6+ Kg8 44. Be6+ Qf7 45. Bxf7+ Kxf7 46. Qg7# 1-0

[Event "Collado Villalba op-A 25th"]
[Site "Collado Villalba"]
[Date "2008.08.30"]
[Round "9"]
[White "Marcos Herrero, Francisco"]
[Black "Marret, Constantin Pierre"]
[Result "1-0"]
[WhiteElo "1891"]
[BlackElo "1544"]
[PlyCount "85"]
[EventDate "2008.08.22"]
[EventType "swiss"]
[EventRounds "9"]
[EventCountry "ESP"]
[SourceTitle "EXT 2009"]
[Source "ChessBase"]
[SourceDate "2008.11.26"]
[SourceVersion "1"]
[SourceVersionDate "2008.11.26"]
[SourceQuality "1"]

1. e4 c5 2. Nc3 Nc6 3. g3 d6 4. Bg2 g6 5. f4 e6 6. Nf3 Bg7 7. d3 Nge7 8. 0-0 0-0 9. Be3 b6 10. g4 f5 11. gxf5 exf5 12. Bf2 Bb7 13. Qd2 Qd7 14. Rad1 Nd4 15. Ng5 Rae8 16. Rde1 h6 17. Nf3 d5 18. Bxd4 cxd4 19. Nxd5 Nxd5 20. exd5 Qxd5 21. Nh4 Qd7 22. Bxb7 Qxb7 23. Nxg6 Rxe1 24. Rxe1 Rf6 25. Re8+ Kh7 26. Ne5 Rf8 27. Rxf8 Bxf8 28. Qg2 Qg7 29. Qxg7+ Kxg7 30. Nc6 a5 31. Nxd4 Bc5 32. c3 Kf6 33. Kf2 Bxd4+ 34. cxd4 Ke6 35. a4 Kd6 36. Ke2 Kd5 37. Ke3 Kd6 38. Kd2 h5 39. Kc3 h4 40. Kc4 Ke6 41. d5+ Kd6 42. Kd4 h3 43. b3 1-0